| 000 | 01990nam a22005417a 4500 | ||
|---|---|---|---|
| 001 | 000096361 | ||
| 003 | CHAP | ||
| 005 | 20220329143152.0 | ||
| 008 | 060929d2006 mx bd r 00110 spa d | ||
| 010 | _a92827 | ||
| 011 | _a93799 | ||
| 035 | _a104380 | ||
| 040 | _cCHAP | ||
| 090 | _aTesis | ||
| 100 | 0 | 0 |
_aArano Santos, Gabriel. _96521 |
| 245 | 1 | 0 |
_aEvaluación de las plantaciones establecidas por el PRODEPLAN en el sur de Veracruz (1998 - 2003) / _c/por Gabriel Arano Santos. |
| 260 |
_aChapingo, Méx. : _bEl autor, _c2006. |
||
| 300 |
_a111 h. : _bmapas ; cuadros. |
||
| 502 | _aTesis (M. C. en Ciencias Forestales) -- UACH. División de Ciencias Forestales | ||
| 590 |
_aALEPH _b10 _c20130110 _lUCH01 _h1514 |
||
| 590 |
_aBATCH-UPD _b10 _c20130109 _lUCH01 _h2307 |
||
| 590 |
_aBATCH-UPD _b10 _c20130110 _lUCH01 _h1217 |
||
| 590 |
_aBATCH-UPD _b10 _c20130410 _lUCH01 _h0753 |
||
| 590 |
_aBATCH-UPD _b10 _c20130914 _lUCH01 _h0906 |
||
| 590 |
_aBATCH-UPD _b10 _c20140324 _lUCH01 _h1459 |
||
| 590 |
_aBATCH-UPD _b10 _c20141002 _lUCH01 _h0831 |
||
| 590 |
_aBATCH _b00 _c20181121 _lUCH01 _h0758 |
||
| 590 |
_aCONVERSION _b10 _c20130109 _lUCH01 _h1351 |
||
| 590 |
_aE11695DGD _b10 _c20130529 _lUCH01 _h1432 |
||
| 650 | 1 | 4 |
_aÁrboles tropicales. _982448 |
| 650 | 1 | 4 |
_aÁrboles _xCrecimiento. _96583 |
| 650 | 1 | 4 |
_aÁrboles _xVeracruz. _96657 |
| 650 | 1 | 4 |
_aCedrela odorata. _920856 |
| 650 | 1 | 4 |
_aCordia alliodor. _927972 |
| 650 | 1 | 4 |
_aEvaluación. _938913 |
| 650 | 1 | 4 |
_aGmelina arborea. _948343 |
| 650 | 1 | 4 |
_aMaderas tropicales. _969670 |
| 650 | 1 | 4 |
_aPlantación de árboles. _988782 |
| 650 | 1 | 4 |
_aSilvicultura _xAspectos económicos. _9106111 |
| 856 |
_3Finding aid _uhttp://10.13.5.2/tesis/104380.pdf _zTeclea aquí |
||
| 856 |
_a1 _n0000448 |
||
| 901 | _aBK | ||
| 905 | _aMarco A. Mendoza T. | ||
| 942 | _cCD | ||
| 942 | _n0 | ||
| 949 |
_aTesis _bBC _cTES _d00000001043801 _eTS1 _gDonaciØn _h45789 _i104380 _sb |
||
| 949 |
_aTesis _bBC _cTES _d33724000996526 _eTS2 _fc.2 _gDonaciØn _h45790 _i104380 _si |
||
| 999 |
_c92827 _d92827 |
||